[Event "Stay Safe Play From Home 288"]
[Site "Emanuel Lasker Arena"]
[Date "2020.07.08"]
[Round "6"]
[White "Erdema"]
[Black "Klasman"]
[Result "1-0"]
[WhiteElo "1484"]
[BlackElo "1565"]
[Annotator "NA"]
[PlyCount "55"]
[EventDate "2020.07.08"]
[EventType "swiss (blitz)"]

1. e4 {[%emt 0:00:02]} f5 {[%emt 0:00:01]} 2. exf5 {[%emt 0:00:03]} Nf6 {[%emt 0:00:01]} 3. Be2 {[%emt 0:00:02]} h5 {[%emt 0:00:03]} 4. d4 {[%emt 0:00:04]} d5 {[%emt 0:00:01]} 5. Bg5 {[%emt 0:00:06]} Bxf5 {[%emt 0:00:02]} 6. Bxf6 {[%emt 0:00:03]} exf6 {[%emt 0:00:03]} 7. Bxh5+ {[%emt 0:00:06]} g6 {[%emt 0:00:01]} 8. Bg4 {[%emt 0:00:01]} Qe7+ {[%emt 0:00:12]} 9. Be2 {[%emt 0:00:07]} Nc6 {[%emt 0:00:08]} 10. Nf3 {[%emt 0:00:03]} O-O-O {[%emt 0:00:17]} 11. a3 {[%emt 0:00:03]} Qe4 {[%emt 0:00:15]} 12. Nc3 {[%emt 0:00:21]} Qxc2 {[%emt 0:00:03]} 13. Qxc2 {[%emt 0:00:02]} Bxc2 {[%emt 0:00:01]} 14. O-O {[%emt 0:00:00]} Be4 {[%emt 0:00:37]} 15. Rad1 {[%emt 0:00:08]} Bd6 {[%emt 0:00:06]} 16. Nb5 {[%emt 0:00:15]} Rh7 {[%emt 0:00:53]} 17. Nxd6+ {[%emt 0:00:06]} Rxd6 {[%emt 0:00:11]} 18. h3 {[%emt 0:00:03]} g5 {[%emt 0:00:02]} 19. Nh2 {[%emt 0:00:03]} Rd8 {[%emt 0:00:28]} 20. Bf3 {[%emt 0:00:09]} f5 {[%emt 0:00:30]} 21. Rfe1 {[%emt 0:00:11]} Rg8 {[%emt 0:00:17]} 22. Bxe4 {[%emt 0:00:06]} dxe4 {[%emt 0:00:06]} 23. f3 {[%emt 0:00:01]} exf3 {[%emt 0:00:08]} 24. Nxf3 {[%emt 0:00:05]} g4 {[%emt 0:00:01]} 25. hxg4 {[%emt 0:00:02]} fxg4 {[%emt 0:00:14]} 26. Ne5 {[%emt 0:00:02]} g3 {[%emt 0:00:09]} 27. Nxc6 {[%emt 0:00:07]} Rgh8 {[%emt 0:00:10]} 28. Ne7+ {[%emt 0:00:07] Time (Lag: Av=0.60s, max=0.8s)} 1-0

[Event "Stay Safe Play From Home 288"]
[Site "Emanuel Lasker Arena"]
[Date "2020.07.08"]
[Round "6"]
[White "W Nelles"]
[Black "Justwatch"]
[Result "1-0"]
[WhiteElo "1304"]
[BlackElo "1479"]
[Annotator "NA"]
[PlyCount "23"]
[EventDate "2020.07.08"]
[EventType "swiss (blitz)"]

1. e4 {[%emt 0:00:02]} Nf6 {[%emt 0:00:28]} 2. e5 {[%emt 0:00:02]} Nc6 {[%emt 0:00:03]} 3. exf6 {[%emt 0:00:02]} gxf6 {[%emt 0:00:20]} 4. Bb5 {[%emt 0:00:04]} b6 {[%emt 0:00:00]} 5. Bxc6 {[%emt 0:00:01]} Bb7 {[%emt 0:00:00]} 6. Bxb7 {[%emt 0:00:02]} d6 {[%emt 0:00:00]} 7. Bxa8 {[%emt 0:00:01]} Qd7 {[%emt 0:00:00]} 8. Qe2 {[%emt 0:00:02]} Bg7 {[%emt 0:00:00]} 9. Bc6 {[%emt 0:00:02]} Qxc6 {[%emt 0:00:01]} 10. Nc3 {[%emt 0:00:09]} Qxg2 {[%emt 0:00:00]} 11. Qf3 {[%emt 0:00:05]} Qxf3 {[%emt 0:00:03]} 12. Nxf3 {[%emt 0:00:01] Justwatch terk eder (Lag: Av=0.64s, max=0.8s)} 1-0

[Event "Stay Safe Play From Home 288"]
[Site "Emanuel Lasker Arena"]
[Date "2020.07.08"]
[Round "7"]
[White "Lazieri3"]
[Black "Erdema"]
[Result "0-1"]
[WhiteElo "2079"]
[BlackElo "1505"]
[PlyCount "158"]
[EventDate "2020.07.08"]
[EventType "swiss (blitz)"]

1. e4 {[%emt 0:00:01]} e5 {[%emt 0:00:02]} 2. Nc3 {[%emt 0:00:00]} Nf6 {[%emt 0:00:02]} 3. Nf3 {[%emt 0:00:01]} Nc6 {[%emt 0:00:02]} 4. d4 {[%emt 0:00:01]} exd4 {[%emt 0:00:01]} 5. Nxd4 {[%emt 0:00:00]} Nxd4 {[%emt 0:00:01]} 6. Qxd4 {[%emt 0:00:00]} d6 {[%emt 0:00:01]} 7. Bg5 {[%emt 0:00:02]} Be7 {[%emt 0:00:02]} 8. Bc4 {[%emt 0:00:01]} O-O {[%emt 0:00:02]} 9. O-O {[%emt 0:00:01]} Be6 {[%emt 0:00:04]} 10. Bxe6 {[%emt 0:00:01]} fxe6 {[%emt 0:00:01]} 11. e5 {[%emt 0:00:01]} dxe5 {[%emt 0:00:02]} 12. Qxe5 {[%emt 0:00:00]} Qd6 {[%emt 0:00:04]} 13. Rfe1 {[%emt 0:00:09]} Ng4 {[%emt 0:00:13]} 14. Qxd6 {[%emt 0:01:07]} Bxd6 {[%emt 0:00:03]} 15. f3 {[%emt 0:00:20]} Bc5+ {[%emt 0:00:09]} 16. Kf1 {[%emt 0:00:07]} Rf5 {[%emt 0:00:15]} 17. Ne4 {[%emt 0:00:35]} Bb6 {[%emt 0:00:18]} 18. Ke2 {[%emt 0:00:06]} Ne5 {[%emt 0:00:04]} 19. Be3 {[%emt 0:00:02]} Bxe3 {[%emt 0:00:03]} 20. Kxe3 {[%emt 0:00:01]} Rd8 {[%emt 0:00:02]} 21. b3 {[%emt 0:00:04]} Rff8 {[%emt 0:00:04]} 22. Rad1 {[%emt 0:00:02]} b6 {[%emt 0:00:06]} 23. a4 {[%emt 0:00:01]} h6 {[%emt 0:00:02]} 24. Nc3 {[%emt 0:00:05]} Nc6 {[%emt 0:00:03]} 25. Nb5 {[%emt 0:00:03]} Nb4 {[%emt 0:00:04]} 26. Rxd8 {[%emt 0:00:10]} Rxd8 {[%emt 0:00:03]} 27. Re2 {[%emt 0:00:01]} Rd7 {[%emt 0:00:03]} 28. Kf2 {[%emt 0:00:10]} c6 {[%emt 0:00:04]} 29. Nc3 {[%emt 0:00:06]} Nd5 {[%emt 0:00:03]} 30. Nxd5 {[%emt 0:00:04]} exd5 {[%emt 0:00:02]} 31. Re6 {[%emt 0:00:01]} Rc7 {[%emt 0:00:03]} 32. Re8+ {[%emt 0:00:12]} Kf7 {[%emt 0:00:01]} 33. Ra8 {[%emt 0:00:03]} c5 {[%emt 0:00:06]} 34. Rd8 {[%emt 0:00:03]} d4 {[%emt 0:00:02]} 35. Ke2 {[%emt 0:00:04]} Re7+ {[%emt 0:00:02]} 36. Kd2 {[%emt 0:00:01]} Ke6 {[%emt 0:00:05]} 37. Rf8 {[%emt 0:00:04]} Ke5 {[%emt 0:00:04]} 38. Kd3 {[%emt 0:00:02]} g6 {[%emt 0:00:22]} 39. g4 {[%emt 0:00:05]} h5 {[%emt 0:00:06]} 40. f4+ {[%emt 0:00:02]} Ke6 {[%emt 0:00:03]} 41. f5+ {[%emt 0:00:11]} gxf5 {[%emt 0:00:02]} 42. gxf5+ {[%emt 0:00:00]} Ke5 {[%emt 0:00:01]} 43. f6 {[%emt 0:00:03]} Re6 {[%emt 0:00:03]} 44. f7 {[%emt 0:00:01]} Kf6 {[%emt 0:00:05]} 45. Rh8 {[%emt 0:00:09]} Kxf7 {[%emt 0:00:02]} 46. Rxh5 {[%emt 0:00:01]} Kg6 {[%emt 0:00:01]} 47. Rh3 {[%emt 0:00:02]} Kf5 {[%emt 0:00:03]} 48. Kd2 {[%emt 0:00:01]} Kg4 {[%emt 0:00:04]} 49. Rh7 {[%emt 0:00:01]} a5 {[%emt 0:00:02]} 50. h4 {[%emt 0:00:01]} Kf5 {[%emt 0:00:07]} 51. h5 {[%emt 0:00:03]} Kg5 {[%emt 0:00:08]} 52. Kd3 {[%emt 0:00:01]} Re3+ {[%emt 0:00:04]} 53. Kd2 {[%emt 0:00:00]} Rh3 {[%emt 0:00:04]} 54. Rb7 {[%emt 0:00:01]} Kxh5 {[%emt 0:00:03]} 55. Rxb6 {[%emt 0:00:02]} Kg4 {[%emt 0:00:03]} 56. Rb5 {[%emt 0:00:04]} Rc3 {[%emt 0:00:03]} 57. Rxa5 {[%emt 0:00:01]} c4 {[%emt 0:00:01]} 58. bxc4 {[%emt 0:00:01]} Rxc4 {[%emt 0:00:02]} 59. Kd3 {[%emt 0:00:00]} Rc3+ {[%emt 0:00:01]} 60. Kxd4 {[%emt 0:00:01]} Rxc2 {[%emt 0:00:01]} 61. Re5 {[%emt 0:00:03]} Kf4 {[%emt 0:00:02]} 62. Re8 {[%emt 0:00:03]} Ra2 {[%emt 0:00:05]} 63. Rf8+ {[%emt 0:00:02]} Kg5 {[%emt 0:00:02]} 64. Ra8 {[%emt 0:00:00]} Kf6 {[%emt 0:00:02]} 65. Kc5 {[%emt 0:00:00]} Ke7 {[%emt 0:00:02]} 66. Kb6 {[%emt 0:00:00]} Kd7 {[%emt 0:00:01]} 67. a5 {[%emt 0:00:00]} Rb2+ {[%emt 0:00:02]} 68. Ka7 {[%emt 0:00:01]} Ra2 {[%emt 0:00:05]} 69. a6 {[%emt 0:00:00]} Kc6 {[%emt 0:00:02]} 70. Rc8+ {[%emt 0:00:01]} Kb5 {[%emt 0:00:01]} 71. Rb8+ {[%emt 0:00:00]} Kc6 {[%emt 0:00:02]} 72. Rc8+ {[%emt 0:00:01]} Kb5 {[%emt 0:00:01]} 73. Rb8+ {[%emt 0:00:01]} Kc6 {[%emt 0:00:01]} 74. Rb1 {[%emt 0:00:00]} Ra5 {[%emt 0:00:03]} 75. Rb7 {[%emt 0:00:00]} Ra2 {[%emt 0:00:02]} 76. Rb6+ {[%emt 0:00:00]} Kc7 {[%emt 0:00:02]} 77. Rh6 {[%emt 0:00:01]} Ra4 {[%emt 0:00:03]} 78. Ka8 {[%emt 0:00:01]} Re4 {[%emt 0:00:05]} 79. a7 {[%emt 0:00:01]} Re8# {[%emt 0:00:02] (Lag: Av=0.65s, max=1.3s)} 0-1

[Event "Stay Safe Play From Home 288"]
[Site "Emanuel Lasker Arena"]
[Date "2020.07.08"]
[Round "7"]
[White "Sfantul321"]
[Black "Dukic"]
[Result "1-0"]
[WhiteElo "2013"]
[BlackElo "1887"]
[Annotator "NA"]
[PlyCount "117"]
[EventDate "2020.07.08"]
[EventType "swiss (blitz)"]

1. c4 {[%emt 0:00:02]} c6 {[%emt 0:00:02]} 2. Nc3 {[%emt 0:00:01]} d6 {[%emt 0:00:01]} 3. d4 {[%emt 0:00:01]} Nd7 {[%emt 0:00:01]} 4. e4 {[%emt 0:00:01]} e5 {[%emt 0:00:01]} 5. f4 {[%emt 0:00:01]} Qb6 {[%emt 0:00:04]} 6. Nf3 {[%emt 0:00:02]} exd4 {[%emt 0:00:04]} 7. Nxd4 {[%emt 0:00:01]} Ngf6 {[%emt 0:00:02]} 8. Be2 {[%emt 0:00:02]} Nc5 {[%emt 0:00:02]} 9. Bf3 {[%emt 0:00:02]} Be7 {[%emt 0:00:04]} 10. b3 {[%emt 0:00:04]} O-O {[%emt 0:00:09]} 11. O-O {[%emt 0:00:01]} Re8 {[%emt 0:00:09]} 12. Re1 {[%emt 0:00:02]} Bf8 {[%emt 0:00:02]} 13. Kh1 {[%emt 0:00:03]} Qa5 {[%emt 0:00:23]} 14. Bd2 {[%emt 0:00:05]} Qc7 {[%emt 0:00:05]} 15. Qe2 {[%emt 0:00:10]} Bd7 {[%emt 0:00:28]} 16. Rad1 {[%emt 0:00:02]} Nfxe4 {[%emt 0:00:07]} 17. Nxe4 {[%emt 0:00:03]} Nxe4 {[%emt 0:00:02]} 18. Bxe4 {[%emt 0:00:01]} f5 {[%emt 0:00:01]} 19. Bd5+ {[%emt 0:00:07]} cxd5 {[%emt 0:00:03]} 20. Qd3 {[%emt 0:00:01]} dxc4 {[%emt 0:00:03]} 21. bxc4 {[%emt 0:00:02]} g6 {[%emt 0:00:05]} 22. Nb5 {[%emt 0:00:05]} Qc6 {[%emt 0:00:08]} 23. Bb4 {[%emt 0:00:08]} Rxe1+ {[%emt 0:00:07]} 24. Rxe1 {[%emt 0:00:01]} d5 {[%emt 0:00:05]} 25. Bxf8 {[%emt 0:00:06]} Rxf8 {[%emt 0:00:07]} 26. Nxa7 {[%emt 0:00:04]} Qxc4 {[%emt 0:00:03]} 27. Qxc4 {[%emt 0:00:04]} dxc4 {[%emt 0:00:03]} 28. Rb1 {[%emt 0:00:06]} Rb8 {[%emt 0:00:09]} 29. a4 {[%emt 0:00:02]} b6 {[%emt 0:00:02]} 30. Nb5 {[%emt 0:00:01]} Ra8 {[%emt 0:00:03]} 31. Nc3 {[%emt 0:00:02]} Ra6 {[%emt 0:00:03]} 32. Kg1 {[%emt 0:00:02]} Bc6 {[%emt 0:00:02]} 33. Rb4 {[%emt 0:00:03]} Kf7 {[%emt 0:00:09]} 34. Rxc4 {[%emt 0:00:02]} Bd7 {[%emt 0:00:06]} 35. Rb4 {[%emt 0:00:01]} Ke6 {[%emt 0:00:03]} 36. Rd4 {[%emt 0:00:02]} Bc6 {[%emt 0:00:04]} 37. Kf2 {[%emt 0:00:02]} Ra5 {[%emt 0:00:05]} 38. Rb4 {[%emt 0:00:03]} Ra6 {[%emt 0:00:03]} 39. g3 {[%emt 0:00:02]} Kd6 {[%emt 0:00:02]} 40. Rc4 {[%emt 0:00:05]} Bd7 {[%emt 0:00:05]} 41. Ke3 {[%emt 0:00:05]} Be6 {[%emt 0:00:03]} 42. Rd4+ {[%emt 0:00:04]} Kc5 {[%emt 0:00:01]} 43. Rd8 {[%emt 0:00:03]} Kb4 {[%emt 0:00:02]} 44. Kd2 {[%emt 0:00:06]} Bb3 {[%emt 0:00:04]} 45. Rd7 {[%emt 0:00:08]} Bxa4 {[%emt 0:00:03]} 46. Rxh7 {[%emt 0:00:02]} Bb3 {[%emt 0:00:01]} 47. Rg7 {[%emt 0:00:04]} b5 {[%emt 0:00:01]} 48. Rb7 {[%emt 0:00:04]} Bc4 {[%emt 0:00:03]} 49. h3 {[%emt 0:00:02]} Kb3 {[%emt 0:00:06]} 50. Nxb5 {[%emt 0:00:03]} Ra2+ {[%emt 0:00:01]} 51. Ke3 {[%emt 0:00:01]} Rh2 {[%emt 0:00:10]} 52. Nd6+ {[%emt 0:00:06]} Kc3 {[%emt 0:00:09]} 53. Rc7 {[%emt 0:00:01]} Rxh3 {[%emt 0:00:03]} 54. Rxc4+ {[%emt 0:00:03]} Kb3 {[%emt 0:00:01]} 55. Kf3 {[%emt 0:00:02]} Rh1 {[%emt 0:00:05]} 56. Rc6 {[%emt 0:00:01]} Rd1 {[%emt 0:00:02]} 57. Nf7 {[%emt 0:00:04]} Rd3+ {[%emt 0:00:02]} 58. Kg2 {[%emt 0:00:01]} Rd6 {[%emt 0:00:08]} 59. Rxd6 {[%emt 0:00:01] Zeit (Lag: Av=0.28s, max=0.4s)} 1-0

[Event "Stay Safe Play From Home 288"]
[Site "Emanuel Lasker Arena"]
[Date "2020.07.08"]
[Round "7"]
[White "Haris kollari 13"]
[Black "Greblah"]
[Result "1-0"]
[WhiteElo "1819"]
[BlackElo "1978"]
[Annotator "NA"]
[PlyCount "55"]
[EventDate "2020.07.08"]
[EventType "swiss (blitz)"]

1. e4 {[%emt 0:00:02]} c6 {[%emt 0:00:01]} 2. d4 {[%emt 0:00:01]} d5 {[%emt 0:00:00]} 3. e5 {[%emt 0:00:01]} Bf5 {[%emt 0:00:01]} 4. f4 {[%emt 0:00:01]} e6 {[%emt 0:00:01]} 5. c3 {[%emt 0:00:01]} c5 {[%emt 0:00:02]} 6. Bd3 {[%emt 0:00:01]} Bxd3 {[%emt 0:00:01]} 7. Qxd3 {[%emt 0:00:00]} Nc6 {[%emt 0:00:01]} 8. Be3 {[%emt 0:00:01]} g6 {[%emt 0:00:01]} 9. Nf3 {[%emt 0:00:01]} cxd4 {[%emt 0:00:02]} 10. cxd4 {[%emt 0:00:02]} Bb4+ {[%emt 0:00:02]} 11. Nc3 {[%emt 0:00:01]} Nge7 {[%emt 0:00:04]} 12. O-O {[%emt 0:00:02]} Nf5 {[%emt 0:00:01]} 13. Bf2 {[%emt 0:00:01]} h5 {[%emt 0:00:01]} 14. Rac1 {[%emt 0:00:03]} O-O {[%emt 0:00:02]} 15. a3 {[%emt 0:00:01]} Be7 {[%emt 0:00:01]} 16. h3 {[%emt 0:00:03]} a6 {[%emt 0:00:03]} 17. g4 {[%emt 0:00:01]} hxg4 {[%emt 0:00:02]} 18. hxg4 {[%emt 0:00:01]} Ng7 {[%emt 0:00:02]} 19. Kg2 {[%emt 0:00:01]} f6 {[%emt 0:00:04]} 20. Rh1 {[%emt 0:00:05]} fxe5 {[%emt 0:00:05]} 21. fxe5 {[%emt 0:00:04]} Qe8 {[%emt 0:00:06]} 22. Rh6 {[%emt 0:00:03]} Rxf3 {[%emt 0:00:13]} 23. Qxf3 {[%emt 0:00:03]} Bg5 {[%emt 0:00:03]} 24. Rch1 {[%emt 0:00:07]} Bxh6 {[%emt 0:00:06]} 25. Rxh6 {[%emt 0:00:01]} Ne7 {[%emt 0:00:02]} 26. Qf6 {[%emt 0:00:03]} Qf7 {[%emt 0:00:04]} 27. g5 {[%emt 0:00:01]} Ngf5 {[%emt 0:00:11]} 28. Rh8# {[%emt 0:00:08] (Lag: Av=0.34s, max=0.5s)} 1-0

[Event "Stay Safe Play From Home 288"]
[Site "Emanuel Lasker Arena"]
[Date "2020.07.08"]
[Round "7"]
[White "W Nelles"]
[Black "Position"]
[Result "0-1"]
[WhiteElo "1329"]
[BlackElo "2018"]
[PlyCount "60"]
[EventDate "2020.07.08"]
[EventType "swiss (blitz)"]

1. e4 {[%emt 0:00:02]} c5 {[%emt 0:00:01]} 2. Bc4 {[%emt 0:00:02]} d6 {[%emt 0:00:01]} 3. Bxf7+ {[%emt 0:00:02]} Kxf7 {[%emt 0:00:05]} 4. Nc3 {[%emt 0:00:02]} e6 {[%emt 0:00:01]} 5. d3 {[%emt 0:00:03]} g6 {[%emt 0:00:01]} 6. Qf3+ {[%emt 0:00:04]} Qf6 {[%emt 0:00:01]} 7. Nh3 {[%emt 0:00:11]} Qxf3 {[%emt 0:00:02]} 8. Ng5+ {[%emt 0:00:04]} Kg7 {[%emt 0:00:01]} 9. Nxf3 {[%emt 0:00:01]} Be7 {[%emt 0:00:01]} 10. Bg5 {[%emt 0:00:03]} Nc6 {[%emt 0:00:02]} 11. Nb5 {[%emt 0:00:04]} Kf8 {[%emt 0:00:08]} 12. Bxe7+ {[%emt 0:00:05]} Kxe7 {[%emt 0:00:01]} 13. c3 {[%emt 0:00:04]} a6 {[%emt 0:00:01]} 14. Na3 {[%emt 0:00:04]} b5 {[%emt 0:00:02]} 15. b4 {[%emt 0:00:05]} e5 {[%emt 0:00:01]} 16. bxc5 {[%emt 0:00:04]} dxc5 {[%emt 0:00:00]} 17. c4 {[%emt 0:00:06]} b4 {[%emt 0:00:01]} 18. Nc2 {[%emt 0:00:02]} Bg4 {[%emt 0:00:02]} 19. Ne3 {[%emt 0:00:04]} Bxf3 {[%emt 0:00:01]} 20. gxf3 {[%emt 0:00:02]} Nf6 {[%emt 0:00:00]} 21. Nd5+ {[%emt 0:00:02]} Nxd5 {[%emt 0:00:01]} 22. cxd5 {[%emt 0:00:04]} Nd4 {[%emt 0:00:00]} 23. Rc1 {[%emt 0:00:07]} Kd6 {[%emt 0:00:01]} 24. h4 {[%emt 0:00:05]} Rhf8 {[%emt 0:00:03]} 25. h5 {[%emt 0:00:05]} g5 {[%emt 0:00:01]} 26. h6 {[%emt 0:00:03]} Rxf3 {[%emt 0:00:02]} 27. Rh5 {[%emt 0:00:02]} Raf8 {[%emt 0:00:06]} 28. Rxg5 {[%emt 0:00:03]} Rxf2 {[%emt 0:00:02]} 29. Rg7 {[%emt 0:00:04]} Re2+ {[%emt 0:00:01]} 30. Kd1 {[%emt 0:00:06]} Rf1# {[%emt 0:00:00] (Lag: Av=1.02s, max=1.6s)} 0-1